Paridade de armas no processo penal / (Record no. 750)

MARC details
000 -LÍDER
Campo Fixo de Controle 00789nam a2200265 a 4500
001 - NÚMERO DE CONTROLE
Campo de Controle 750
003 - IDENTIFICAÇÃO DO NÚMERO DE CONTROLE
Campo de Controle BR-CuiBMT
005 - DATA E HORA DA ÚLTIMA ATUALIZAÇÃO
Campo de Controle 20231129141121.0
008 - DADOS FIXOS
Dados Fixos 231116s2021 mgb 000 0 por d
020 ## - INTERNATIONAL STANDARD BOOK NUMBER
Nº do ISBN 9786555181852
040 ## - AGÊNCIA CATALOGADORA
Código da Agência Catalogadora BR-CuiBMT
Agência que transcreveu o registro BR-CuiBMT
080 ## - Nº DA CLASSIFICAÇÃO DECIMAL UNIVERSAL
Nº Class. CDU 343.1
Nº edição CDU 2007
090 ## - NÚMERO DE CHAMADA
Nº classificação 343.1
Cutter R642p
Ano/Edição 2. ed.
100 10 - ENTRADA PRINCIPAL -- AUTOR PESSOAL
Nome pessoal Roberto, Welton
245 10 - TÍTULO PRINCIPAL
Título principal Paridade de armas no processo penal /
Indicação de responsabilidade Welton Roberto ; prefácio René Ariel Dotti.
250 ## - EDIÇÃO
Edição 2. ed., rev., ampl. e atual.
260 ## - PUBLICAÇÃO, DISTRIBUIÇÃO, ETC.
Local de publicação Belo Horizonte :
Editora Fórum,
Data 2021
300 ## - DESCRIÇÃO FÍSICA
N. páginas ou volumes 187 p. ;
Dimensões 22cm
504 ## - NOTA DE BIBLIOGRAFIA, ETC.
Nota de bibliografia inclui bibliografia.
650 ## - ASSUNTO TÓPICO
Cabeçalho tópico ou nome geográfico Processo penal
Subdivisão geográfica Brasil
650 ## - ASSUNTO TÓPICO
Cabeçalho tópico ou nome geográfico Teoria geral do processo
Subdivisão geográfica Brasil
650 ## - ASSUNTO TÓPICO
Cabeçalho tópico ou nome geográfico Devido processo legal
650 ## - ASSUNTO TÓPICO
Cabeçalho tópico ou nome geográfico Contraditório (direito)
942 ## - ELEMENTOS DE ENTRADA ADICIONAIS (KOHA)
Fonte de classificação ou esquema de arquivamento Classificação Decimal Universal
Tipo de item do Koha Livros
Holdings
Estado: removido Estado: perdido Fonte de classificação ou esquema de arquivamento Estado: danificado Indisponível para empréstimo Localização permanente Localização atual Data de aquisição Total Checkouts Número de Chamada completo Código de barras Date last seen Número do exemplar Preço efetivo a partir de Tipo de item (Koha)
    Classificação Decimal Universal     Biblioteca da Escola Superior de Contas do TCE/MT Biblioteca da Escola Superior de Contas do TCE/MT 16/11/2023   343.1 R462p 2. ed. BIBTCEMT23110638 16/11/2023 Ex. 1 16/11/2023 Livros
    Classificação Decimal Universal     Biblioteca da Escola Superior de Contas do TCE/MT Biblioteca da Escola Superior de Contas do TCE/MT 16/11/2023   343.1 R462p 2. ed. BIBTCEMT23110639 16/11/2023 Ex. 1 16/11/2023 Livros

Powered by Koha